[Event "Amateur´s Spirit"]
[Site "SchemingMind.com"]
[Date "2025.02.22"]
[Round "-"]
[White "Mariano51"]
[Black "kenneth m day"]
[Result "*"]
[WhiteCountry "CUB"]
[BlackCountry "USA"]
[WhiteElo "2133"]
[WhiteRD "86"]
[BlackElo "1694"]
[BlackRD "54"]
[GameID "751958"]

1. e4 e5 2. Nf3 Nc6 3. Bb5 a6 4. Bxc6 dxc6 5. O-O Bg4 6. h3 h5 7. d3 Qf6 8. Nbd2 O-O-O 9. hxg4 hxg4 10. Nh2 Qh6
11. Qxg4+ Kb8 12. Qh3 Qxh3 13. gxh3 Rxh3 14. Kg2
*

[Event "Amateur´s Spirit"]
[Site "SchemingMind.com"]
[Date "2025.02.22"]
[Round "-"]
[White "Chessibelle"]
[Black "Mariano51"]
[Result "0-1"]
[WhiteCountry "ENG"]
[BlackCountry "CUB"]
[WhiteElo "977"]
[WhiteRD "62"]
[BlackElo "2133"]
[BlackRD "86"]
[GameID "751959"]

1. Nf3 Nf6 2. h3 c5 3. c4 Nc6 4. e3 e5 5. d3 d5 6. Nbd2 d4 7. Nh2 dxe3 8. fxe3 e4 9. Qb3 Bd6 10. Be2 Bg3+
11. Kf1 Qd6 12. Nxe4 Nxe4 13. Nf3 Nf2 14. Qc3 Nxh1 15. Qxg7 Be5 16. Qh6 Qxh6
0-1

[Event "Amateur´s Spirit"]
[Site "SchemingMind.com"]
[Date "2025.02.22"]
[Round "-"]
[White "Mariano51"]
[Black "Chessibelle"]
[Result "1-0"]
[WhiteCountry "CUB"]
[BlackCountry "ENG"]
[WhiteElo "2133"]
[WhiteRD "86"]
[BlackElo "977"]
[BlackRD "62"]
[GameID "751960"]

1. e4 e5 2. Nf3 d6 3. d4 g6 4. dxe5 Bd7 5. Nc3 a6 6. Bg5 f6 7. exf6 Nxf6 8. Bxf6 Qxf6 9. Nd5 Qf7 10. Nxc7+ Kd8
11. Nxa8 b5 12. Qd4 Rg8 13. Qb6+ Ke7 14. Nc7 Nc6 15. Nd5+ Ke8 16. Qxa6 Ne5 17. Qa8+
1-0

[Event "Amateur´s Spirit"]
[Site "SchemingMind.com"]
[Date "2025.02.23"]
[Round "-"]
[White "wight knight"]
[Black "Mariano51"]
[Result "*"]
[WhiteCountry "ENG"]
[BlackCountry "CUB"]
[WhiteElo "1228"]
[WhiteRD "64"]
[BlackElo "2133"]
[BlackRD "86"]
[GameID "751961"]

1. e4 e5 2. Bc4 Nf6 3. f3 d5 4. exd5 Nxd5 5. Bxd5 Qxd5 6. Qe2 Nc6 7. Nc3 Qc5 8. Ne4 Qxc2 9. Qd1 Nb4 10. Qxc2 Nxc2+
11. Kd1
*

[Event "Amateur´s Spirit"]
[Site "SchemingMind.com"]
[Date "2025.02.23"]
[Round "-"]
[White "Mariano51"]
[Black "wight knight"]
[Result "*"]
[WhiteCountry "CUB"]
[BlackCountry "ENG"]
[WhiteElo "2133"]
[WhiteRD "86"]
[BlackElo "1228"]
[BlackRD "64"]
[GameID "751962"]

1. e4 e5 2. Nf3 f6 3. Nxe5 g6 4. Nf3 Bc5 5. d4 Bb4+ 6. Bd2 Bxd2+ 7. Qxd2 b6 8. Nc3 Ba6 9. O-O-O Bxf1 10. Rhxf1 Na6
11. Rfe1 g5
*

[Event "Amateur´s Spirit"]
[Site "SchemingMind.com"]
[Date "2025.02.24"]
[Round "-"]
[White "Henk Miedema"]
[Black "Mariano51"]
[Result "*"]
[WhiteCountry "NED"]
[BlackCountry "CUB"]
[WhiteElo "761"]
[WhiteRD "90"]
[BlackElo "2133"]
[BlackRD "86"]
[GameID "751963"]

1. Nf3 Nf6 2. d4 d5 3. e4 dxe4 4. Ne5 Nbd7 5. Be2 Nxe5 6. O-O Nc6 7. Bb5 Bg4 8. Qd2 e6 9. c4 Be7 10. Qc3 O-O
11. Bxc6 bxc6 12. Bf4 Nh5 13. Be3 f5 14. a3
*

[Event "Amateur´s Spirit"]
[Site "SchemingMind.com"]
[Date "2025.02.23"]
[Round "-"]
[White "Mariano51"]
[Black "Henk Miedema"]
[Result "*"]
[WhiteCountry "CUB"]
[BlackCountry "NED"]
[WhiteElo "2133"]
[WhiteRD "86"]
[BlackElo "761"]
[BlackRD "90"]
[GameID "751964"]

1. e4 e5 2. Nf3 d6 3. d4 Bg4 4. dxe5 Ne7 5. exd6 Ng6 6. dxc7 Qxc7 7. Nc3 Bc5 8. Nd5 Qa5+ 9. Qd2 Qb6 10. Nxb6 axb6
11. Qg5 Bxf2+ 12. Kxf2 Bd7 13. h4 O-O
*

[Event "Amateur´s Spirit"]
[Site "SchemingMind.com"]
[Date "2025.02.22"]
[Round "-"]
[White "Robert Hatfield"]
[Black "Mariano51"]
[Result "*"]
[WhiteCountry "USA"]
[BlackCountry "CUB"]
[WhiteElo "1707"]
[WhiteRD "58"]
[BlackElo "2133"]
[BlackRD "86"]
[GameID "751965"]

1. e4 c5 2. Nf3 Nc6 3. d4 cxd4 4. Nxd4 Nf6 5. Nc3 e5 6. Nb3 Bb4 7. Bd3 d5 8. exd5 Nxd5 9. Bd2 Nxc3 10. bxc3 Bd6
11. Qf3 O-O 12. Qe4 f5 13. Bc4+ Kh8 14. Qe2 e4 15. Nd4 f4 16. O-O Qe8 17. Bb5 f3
*

[Event "Amateur´s Spirit"]
[Site "SchemingMind.com"]
[Date "2025.02.23"]
[Round "-"]
[White "Mariano51"]
[Black "Robert Hatfield"]
[Result "*"]
[WhiteCountry "CUB"]
[BlackCountry "USA"]
[WhiteElo "2133"]
[WhiteRD "86"]
[BlackElo "1707"]
[BlackRD "58"]
[GameID "751966"]

1. e4 e5 2. Nf3 Nc6 3. Bb5 a6 4. Ba4 Nf6 5. O-O Be7 6. Re1 b5 7. Bb3 O-O 8. c3 d5 9. exd5 Nxd5 10. Nxe5 Nxe5
11. Rxe5 c6 12. Re1 Bd6 13. d4 Qh4 14. g3 Qh3 15. Qe2 Bg4 16. Qf1 Qh5 17. Nd2
*

[Event "Amateur´s Spirit"]
[Site "SchemingMind.com"]
[Date "2025.02.23"]
[Round "-"]
[White "Stephen Dunning"]
[Black "Mariano51"]
[Result "*"]
[WhiteCountry "WLS"]
[BlackCountry "CUB"]
[WhiteElo "2041"]
[WhiteRD "76"]
[BlackElo "2133"]
[BlackRD "86"]
[GameID "751967"]

1. d4 Nf6 2. c4 d6 3. Nf3 g6 4. Nc3 Bg7 5. e4 O-O 6. Be2 e5 7. O-O exd4 8. Nxd4 Re8 9. f3 Nc6 10. Be3 Nh5
11. Qd2 Nxd4 12. Bxd4 Nf4 13. Bxg7 Qg5 14. Kf2 Kxg7 15. Nd5 Qxg2+ 16. Ke1
*

[Event "Amateur´s Spirit"]
[Site "SchemingMind.com"]
[Date "2025.02.23"]
[Round "-"]
[White "Mariano51"]
[Black "Stephen Dunning"]
[Result "*"]
[WhiteCountry "CUB"]
[BlackCountry "WLS"]
[WhiteElo "2133"]
[WhiteRD "86"]
[BlackElo "2041"]
[BlackRD "76"]
[GameID "751968"]

1. e4 c5 2. Nf3 d6 3. d4 cxd4 4. Nxd4 Nf6 5. Nc3 a6 6. Be3 Nc6 7. Be2 e6 8. Qd2 Bd7 9. f3 b5 10. a4 b4
11. Na2 a5 12. c3 Nxd4 13. Bxd4 bxc3 14. Nxc3 Be7 15. O-O O-O
*

[Event "Amateur´s Spirit"]
[Site "SchemingMind.com"]
[Date "2025.02.23"]
[Round "-"]
[White "Mariano51"]
[Black "Alencar"]
[Result "*"]
[WhiteCountry "CUB"]
[BlackCountry "BRA"]
[WhiteElo "2133"]
[WhiteRD "86"]
[BlackElo "1322"]
[BlackRD "72"]
[GameID "751969"]

1. e4 d5 2. exd5 Qxd5 3. Nc3 Qd8 4. d4 e5 5. Nf3 Bd6 6. dxe5 Bb4 7. Qxd8+ Kxd8 8. Bd2 Bxc3 9. Bxc3 Nc6 10. O-O-O+ Bd7
11. e6 fxe6
*

[Event "Amateur´s Spirit"]
[Site "SchemingMind.com"]
[Date "2025.02.22"]
[Round "-"]
[White "Alencar"]
[Black "Mariano51"]
[Result "0-1"]
[WhiteCountry "BRA"]
[BlackCountry "CUB"]
[WhiteElo "1322"]
[WhiteRD "72"]
[BlackElo "2133"]
[BlackRD "86"]
[GameID "751970"]

1. d4 Nf6 2. d5 c6 3. dxc6 Nxc6 4. Nc3 d5 5. Nf3 e5 6. Bg5 d4 7. Nb5 Qa5+ 8. Nc3 dxc3 9. Bxf6 cxb2+ 10. Qd2 bxa1=Q#
0-1